Propaganda eleitoral : (Record no. 57)

MARC details
000 -LÍDER
Campo Fixo de Controle 00995cam a2200289 a 4500
001 - NÚMERO DE CONTROLE
Campo de Controle 57
003 - IDENTIFICAÇÃO DO NÚMERO DE CONTROLE
Campo de Controle BR-CuiBMT
005 - DATA E HORA DA ÚLTIMA ATUALIZAÇÃO
Campo de Controle 20231117221526.0
008 - DADOS FIXOS
Dados Fixos 230808s2022 mbga 000 0 por d
020 ## - INTERNATIONAL STANDARD BOOK NUMBER
Nº do ISBN 9786555184358
040 ## - AGÊNCIA CATALOGADORA
Código da Agência Catalogadora BR-CuiBMT
Agência que transcreveu o registro BR-CuiBMT
080 ## - Nº DA CLASSIFICAÇÃO DECIMAL UNIVERSAL
Nº edição CDU 2007
Nº Class. CDU 342.8
090 ## - NÚMERO DE CHAMADA
Nº classificação 342.8
Cutter P644p
Ano/Edição 2. ed.
100 1# - ENTRADA PRINCIPAL -- AUTOR PESSOAL
Nome pessoal Pimentel, Alexandre Freire
245 10 - TÍTULO PRINCIPAL
Título principal Propaganda eleitoral :
Subtítulo poder de polícia e tutela provisória nas eleições /
Indicação de responsabilidade Alexandre Freire Pimentel ; prefácio de Luiz Carlos de Barros Figueirêdo.
250 ## - EDIÇÃO
Edição 2. ed., rev., ampl. e atual.
260 ## - PUBLICAÇÃO, DISTRIBUIÇÃO, ETC.
Local de publicação Belo Horizonte :
Editora Fórum,
Data 2022.
300 ## - DESCRIÇÃO FÍSICA
N. páginas ou volumes 369 p. :
Ilustrações il. ;
Dimensões 22 cm
504 ## - NOTA DE BIBLIOGRAFIA, ETC.
Nota de bibliografia Inclui bibliografia.
650 ## - ASSUNTO TÓPICO
Cabeçalho tópico ou nome geográfico Direito eleitoral
Subdivisão geográfica Brasil
650 ## - ASSUNTO TÓPICO
Cabeçalho tópico ou nome geográfico Propaganda eleitoral
Subdivisão geral Direito eleitoral
650 ## - ASSUNTO TÓPICO
Cabeçalho tópico ou nome geográfico Poder de polícia
Subdivisão geral Direito eleitoral
650 ## - ASSUNTO TÓPICO
Cabeçalho tópico ou nome geográfico Tutela provisória
Subdivisão geral Direito eleitoral
650 ## - ASSUNTO TÓPICO
Cabeçalho tópico ou nome geográfico Direito constitucional
650 ## - ASSUNTO TÓPICO
Cabeçalho tópico ou nome geográfico Direito processual civil
942 ## - ELEMENTOS DE ENTRADA ADICIONAIS (KOHA)
Fonte de classificação ou esquema de arquivamento Classificação Decimal Universal
Tipo de item do Koha Livros
Holdings
Estado: removido Estado: perdido Fonte de classificação ou esquema de arquivamento Estado: danificado Indisponível para empréstimo Localização permanente Localização atual Data de aquisição Total Checkouts Número de Chamada completo Código de barras Date last seen Número do exemplar Preço efetivo a partir de Tipo de item (Koha)
    Classificação Decimal Universal     Biblioteca da Escola Superior de Contas do TCE/MT Biblioteca da Escola Superior de Contas do TCE/MT 28/06/2023   342.8 P644p 2. ed. BIBTCEMT23080033 08/08/2023 Ex. 1 08/08/2023 Livros

Powered by Koha